Представление документа в формате MARC21

Поле Инд. ПП Название Значение
Тип записи a
Библиографический уровень m
001 Контрольный номер RU/IS/BASE/142005767
005 Дата корректировки 20240403142827.9
022 0_ a ISSN 0869-6322
041 0_ a Код языка текста rus
084 a Индекс другой классификации/Индекс ББК 63; 79
090 a Полочн. индекс 95.2+63
097 00 a 110
245 00 a Заглавие Исторический архив
b Продолж. заглавия научно-публикаторский журнал
n Номер части/ раздела №1/1998
c Ответственность учредители: Федеральная архивная служба РФ, журнал "Исторический архив"; главный редактор А. А. Чернобаев
260 00 a Место издания Москва
b Издательство История-Сервис
c Дата издания 1998
300 a Объем 224 с.
500 a Примечание Журнал
500 a Примечание Тема выпуска: "Россия и Германия. XVII-XX вв."
505 0_ a Форматированное содержание "Этот вопрос прямо затрагивает Советский Союз" : запись беседы в ходе встречи Э. Хонекера и К. У. Черненко. 1984 г.
n Доп. информация Публ. подгот. Ф. Ольденбург, Г.-Р. Стефан ; пер. Л.Г. Бабиченко и В.А. Цехового
505 0_ a Форматированное содержание "Оказать немедленную помощь" : постановления Президиума ЦК КПСС об экономических связях с ГДР [и другие официальные документы]. 1961 г.
n Доп. информация Публ. З. К. Водопьянова и В. М. Зубок
505 0_ a Форматированное содержание Военно-Воздушные Силы Германии и СССР : документы ЦА МО о состоянии германских и советских ВВС. 1941 г.
505 0_ a Форматированное содержание Третий рейх: власть и религия : "заявление" бывшего начальника IV управления РСХА К. Нейгауза
n Доп. информация Публ. М.И. Одинцова
505 0_ a Форматированное содержание "Я охотно принимаю приглашение к сотрудничеству" : переписка В. Беньямина с редакцией журнала "Дас Ворт". 1936-1937 гг.
n Доп. информация Публ. Р. Мюллера, В.Ф. Колязина
505 0_ a Форматированное содержание Германская юстиция: сговор с наступающим фашизмом : документы ЦХИДК. 1932 г.
n Доп. информация Публ. подгот. Л. И. Гинцберг
505 0_ a Форматированное содержание Как немцы передали русское золото Франции : документы ЦХИДК. 1918-1919 гг.
n Доп. информация Подгот. публ. и пер. с фр. С. С. Поповой
505 0_ a Форматированное содержание "Праздник просвещения и науки" : приветствие академика А. С. Лаппо-Данилевского к 100-летию Берлинского университета. 1910 г.
b Автор Лаппо-Данилевский А. С.
n Доп. информация Публ. подгот. А. А. Чернобаев
505 0_ a Форматированное содержание Русский студент в германском политехникуме : Письма инженера Н. М. Щапова из Дармштадта. 1906 - 1907 гг.
n Доп. информация Публ. подгот. Я. Н. Щапов
505 0_ a Форматированное содержание К истории Немецкого театра в России : Доклад Александру I. 1806 г.
n Доп. информация Публ. подгот. С. И. Мельникова
505 0_ a Форматированное содержание "Время и мир изменились" : Дипломатическая записка начала XIX в. о положении Германии в Европе и характере ее отношений с Россией
n Доп. информация Публ. подгот. С. Н. Искюль
505 0_ a Форматированное содержание Приезд в Москву брандербургского гонца Христофора Георги. 1675 г.
n Доп. информация Публ. подгот. Н. Ю. Болотина, Т. А. Лаптева
505 0_ a Форматированное содержание "Царь, без сомнения, находится тут" : Великое посольство в Кенигсберге по донесениям ганноверского резидента И. В. Хойша. 1697 г.
n Доп. информация Публ. подгот. А. С. Лавров
505 0_ a Форматированное содержание "Стану почитать сие за лавры" : Письмо русского врача Д. С. Самойловича секретарю Курпфальцской Академии наук А. Ламе. 1783 г.
n Доп. информация Публ. подгот. Ю. Фосс ; пер. с фр. С. Н. Искюль
505 0_ a Форматированное содержание "Рекомендую Вам моего лучшего друга" : Письмо В. И. Ленина К. Каутскому. 1911 г. ; ". . . Потому что в мире, ночами, под луною - всегда человеку одиноко"
n Доп. информация Публ. подгот. И. Е. Горелов, Е. Л. Петренко
600 14 a Персоналии Нейгауз Карл
a Персоналии Щапов Николай Михайлович
a Персоналии Лаппо-Данилевский Александр Сергеевич
a Персоналии Самойлович Данила Самойлович
650 04 a Основная рубрика архивное дело
a Основная рубрика внешняя политика
a Основная рубрика исторические науки
a Основная рубрика история
a Основная рубрика международные отношения
653 0_ a Ключевые слова XIX век
a Ключевые слова XVII век
a Ключевые слова XX век
a Ключевые слова авиация
a Ключевые слова Берлинский университет им. Гумбольдта
a Ключевые слова Великая Отечественная война 1941-1945
a Ключевые слова военно-воздушные силы (ВВС)
a Ключевые слова военнопленные
a Ключевые слова вооружение
a Ключевые слова Германия
a Ключевые слова государственно-религиозные отношения
a Ключевые слова золотой запас
a Ключевые слова история государства и права
a Ключевые слова история дипломатии
a Ключевые слова история международных отношений
a Ключевые слова история образования
a Ключевые слова немецкие военнопленные
a Ключевые слова НСДАП (Национал-социалистическая рабочая партия Германии)
a Ключевые слова образование
a Ключевые слова Пруссия
a Ключевые слова религиозная политика
a Ключевые слова Россия
a Ключевые слова самолеты
a Ключевые слова СССР
a Ключевые слова торгово-экономические отношения
a Ключевые слова Федеративная Республика Германия (ФРГ)
a Ключевые слова Франция
655 a Жанр/ форма (устаревшее) архивные документы
700 12 a Автор Хонеккер Э.
q Полное имя Хонеккер Эрих
700 1_ a Автор Черненко К. У.
q Полное имя Черненко Константин Устинович
700 1_ a Автор Беньямин В.
q Полное имя Беньямин Вальтер
700 1_ a Автор Ленин В. И.
q Полное имя Ленин Владимир Ильич
773 18 w Контрольный № источника RU/IS/BASE/406663943
901 t Тип документа s